Palabras con historia: ideas, conceptos, orígenes y curiosidades del lenguaje, versión recargada
में बचाया:
| मुख्य लेखक: | |
|---|---|
| स्वरूप: | पुस्तक |
| भाषा: | स्पेनिश |
| प्रकाशित: |
Santiago
Feria Chilena del Libro
2008
|
| संस्करण: | 4a. ed |
| विषय: | |
| टैग: |
टैग जोड़ें
कोई टैग नहीं, इस रिकॉर्ड को टैग करने वाले पहले व्यक्ति बनें!
|
MARC
| LEADER | 00000nam a2200000 a 4500 | ||
|---|---|---|---|
| 001 | UCH2552 | ||
| 003 | CL-VaPUC | ||
| 008 | 090618e20080000CL |||||||||||||||||spa|d | ||
| 020 | |a 9789568701017 | ||
| 082 | 0 | 4 | |a 410 |b VEL |2 21 |
| 100 | 0 | |a Velis-Meza, Héctor E |e author |9 537418 | |
| 245 | 1 | 0 | |a Palabras con historia: ideas, conceptos, orígenes y curiosidades del lenguaje, versión recargada |
| 250 | |a 4a. ed | ||
| 300 | |a 225 p | ||
| 942 | |c BK | ||
| 945 | |d 20090618 00:00:00 |a cmena | ||
| 260 | |a Santiago |b Feria Chilena del Libro |c 2008 | ||
| 650 | 0 | |a Lenguaje hablado |9 339599 | |
| 650 | 0 | |a Idioma español |9 309143 | |
| 650 | 0 | |a Sociolingüística |9 263716 | |
| 650 | 0 | |a Filología |9 321245 | |
| 650 | 0 | |a Semántica |9 265318 | |
| 583 | |a last modification |c 20090618 00:00:00 |k Rodrigo Vera | ||
| 999 | |c 334278 |d 334276 | ||
| 952 | |0 0 |1 0 |4 0 |6 410_000000000000000_VEL_2008 |7 0 |8 C |9 423227 |a BIBCUR |b BIBCUR |d 2019-11-22 |i 4562844 |l 1 |o 410 VEL 2008 |p 4562844 |r 2025-04-22 |s 2025-01-07 |w 2019-11-22 |y BK |k CAC | ||